Statistics for Arsenal FC Opponents In UEFA Champions League

Click here to take the quiz!

General Stats

  • This quiz has been taken 277 times
    (209 since last reset)
  • The average score is 36 of 58

Answer Stats

Team Country Matchs Win Draw Loose Last % Correct
Bayern MunichGermany123272017
100%
FC BarcelonaSpain91262016
100%
AjaxNetherlands61322006
97%
Borussia DortmundGermany84132015
97%
Paris SGFrance20202017
96%
PortoPortugal63122010
94%
AC MilanItaly42112012
92%
Manchester UnitedEngland20022009
92%
Inter MilanItaly21012004
91%
PSV EindhovenNetherlands62312007
91%
ChelseaEngland20112004
90%
Real MadridSpain21102006
90%
JuventusItaly42112006
90%
OlympiacosGreece84042016
87%
AS RomaItaly42112009
87%
Valencia CFSpain41122003
85%
LiverpoolEngland20112008
85%
MarseilleFrance43102014
83%
GalatasarayTurkey22002015
83%
LyonFrance21102001
81%
AnderlechtBelgium21102015
77%
FC BaselSwitzerland22002017
75%
Dynamo KievUkraine62222009
73%
CSKA MoscowRussia20112007
73%
FC SevillaSpain21012008
71%
Schalke 04Germany41122013
70%
NaplesItaly21012014
70%
LazioItaly21102001
69%
MonacoFrance21012015
69%
Sparta PragueCzech Republic44002006
62%
Bayer LeverkusenGermany21102002
56%
Fenerbah├žeTurkey21102009
55%
PanathinaikosGreece63212005
55%
Dinamo ZagrebCroatia21012016
54%
Shakhtar DonetskUkraine42022011
52%
Sporting BragaPortugal21012011
51%
Deportivo La CorunaSpain20022002
51%
Spartak MoscowRussia21012001
50%
FiorentinaItaly20112000
50%
VillarrealSpain42202009
49%
Ludogorets RazgradBulgaria22002017
44%
Hamburg SVGermany22002007
44%
Slavia PragueCzech Republic21102008
44%
Steaua BucharestRomania22002008
43%
MontpellierFrance22002013
43%
AZ AlkmaarNetherlands21102010
39%
RosenborgNorway21102005
38%
FK PartizanSerbia22002011
36%
Lokomotiv MoscowRussia21102004
34%
StandardBelgium22002010
33%
GrasshopperSwitzerland22001972
28%
AJ AuxerreFrance21012003
25%
AIK FotbollSweden22002000
25%
RC LensFrance20111999
25%
RCD MallorcaSpain21012002
23%
Celta VigoSpain22002004
22%
FC ThunSwitzerland22002006
18%
Stromsgodset IFNorway22001972
4%

Score Distribution

Percentile by Number Answered

Percent of People with Each Score

Your Score History

You have not taken this quiz since the last reset